| 000 | 01408nam0a2200301 4500 | ||
|---|---|---|---|
| 001 | RU\NLR\BIBL_A\022823967 | ||
| 005 | 20260610191940.0 | ||
| 035 | _a(NLR Aleph) 022823967 | ||
| 090 |
_a13721292 _c13721292 |
||
| 100 | _a20260601d1946 c y0rusy50 ca | ||
| 101 | 0 |
_atyv _crus |
|
| 102 | _aRU | ||
| 105 | _aabf z 000 y | ||
| 181 | 0 |
_ai _baxxe |
|
| 182 | 0 | _an | |
| 200 | 1 |
_aГеография _eэге школаның үшкү клазының өөредилге ному _eон ийиги үндүргениниң очулгазы _fЛ. Г. Терехова, В. Г. Эрдели |
|
| 203 |
_aТекст _bвизуальный _cнепосредственный |
||
| 205 | _aперевод 12-го изд. | ||
| 210 |
_aМосква _cРСФСР-ниң улус чырыдыышкын Министерлелиниң өөредилге ному үндүрер күрпарлалга чери _d1946 |
||
| 215 |
_a155, [1] с _cил., карты _d22 _e[2] вкладн. л. цв. карт |
||
| 541 | 1 |
_aГеография _eУчебник для 3-го кл. нач. шк. _zrus |
|
| 686 | 1 | _aД82 я7 | |
| 700 | 1 |
_aТерехова _bЛ. Г. _gЛидия Григорьевна _3RU\NLR\AUTH\770278601 _4070 |
|
| 702 | 1 |
_aЭрдели _bВ. Г. _f1886-1968 _gВладимир Георгиевич _3RU\NLR\AUTH\770268140 _4070 |
|
| 852 |
_aNLR _bОНЛ _jТув./3-2 |
||
| 942 | _cBOOK | ||
| 980 | _aNB | ||